000 00875nam a2200241 i 4500
001 179545
003 ES-MaACL
005 20251118191625.0
008 111222s2010 ag |||| | spa d
020 _a978-987-1581-54-2
080 _a929 Balmes, Jaime
080 _a1 Balmes, Jaime
100 0 _aSanz Pascual, Julián.
_9103670
245 1 0 _aBalmes, un pensador de hoy
_b: (una filosofía de la objetividad) /
_cJulián Sanz Pascual.
250 _a1ª ed.
260 _aBuenos Aires :
_bDeauno.com,
_c2010.
300 _a250 p. ;
_c21 cm.
600 1 4 _aBalmes, Jaime,
_d1810-1848-
_xCrítica e interpretación
_925097
852 _aES-MaACL
_jA-11751
_9186442
_bR.146388
_dOlim: N-4756
_cDEPO1
_xDonación: Julián Sanz Pascual
_zDedicatoria autógrafa del autor
903 _9103670
_aSanz Pascual, Julián
_ednr
942 _2udc
_cMONOGRAFIA
999 _c179545
_d179545